000 00425nam a22001697a 4500
003 CEME
005 20210628205438.0
008 210316b xxu||||| |||| 00| 0 eng d
020 _a81-7029-792-3
040 _c.
082 _a004.64 RUS'W
100 _aRussel, Charlie
_975587
245 _aThe abcs of windows nt workstation 4
260 _aNEW DELHI
_bBPB PUBLICATION
_c1996
300 _aXXIV, 358P
942 _cBK
_2ddc
999 _c580982
_d580982